LEADER 01248cam0-22004691i-450 001 990006528330403321 005 20240805172325.0 010 $a88-420-2688-3 035 $a000652833 100 $a20010426d1986----km-y0itay50------ba 101 0 $aita 102 $aIT 105 $ay-------001yy 200 1 $a<>classi sociali negli anni '80$fPaolo Sylos Labini 210 $aRoma ; Bari$cLaterza$d1986 215 $aXV, 263 p.$cfig., tab.$d21 cm 225 1 $aSagittari Laterza$v1 610 0 $aClassi sociali 676 $a305.5 676 $a301 700 1$aSylos Labini,$bPaolo$0183308 801 0$aIT$bUNINA$gRICA$2UNIMARC 901 $aBK 912 $a990006528330403321 952 $aCOLLEZ. 1111 (1)$b27980$fFSPBC 952 $aVI A 638$b28541$fFSPBC 952 $aF/3.13 SYL$b3174$fSES 952 $aC-II-34$b82 lav.$fDDRC 952 $aXV N 81$fDTE 952 $aSE 25B.01.30-$b5162$fDECSE 952 $aSE 27B.01.59-$b108$fDECSE 952 $aVIT / SYL 1$b3031$fBFS 952 $aTT 289$b27$fDDCIC 959 $aFSPBC 959 $aSES 959 $aDDRC 959 $aDTE 959 $aDECSE 959 $aBFS 959 $aDDCIC 996 $aClassi sociali negli anni '80$944372 997 $aUNINA LEADER 02705nam 22007693 450 001 9910591169703321 005 20250905110037.0 010 $a9783631840634 010 $a3631840632 010 $a9783631840627 010 $a3631840624 024 7 $a10.3726/b17799 035 $a(CKB)4940000000599583 035 $a(MiAaPQ)EBC6561879 035 $a(Au-PeEL)EBL6561879 035 $a(OCoLC)1252423277 035 $a(oapen)https://directory.doabooks.org/handle/20.500.12854/91731 035 $a(Perlego)2434328 035 $a(oapen)doab91731 035 $a(ODN)ODN0006181141 035 $a(EXLCZ)994940000000599583 100 $a20210901d2021 uy 0 101 0 $aeng 135 $aurcnu|||||||| 181 $ctxt$2rdacontent 182 $cc$2rdamedia 183 $acr$2rdacarrier 200 14$aThe Venetian Instrumental Concerto During Vivaldi's Time 210 $aBern$cPeter Lang International Academic Publishing Group$d2020 210 1$aFrankfurt a.M. :$cPeter Lang GmbH, Internationaler Verlag der Wissenschaften,$d2021. 210 4$dİ2020. 215 $a1 online resource (535 pages) 225 1 $aEastern European Studies in Musicology ;$vv.21 311 08$a9783631833254 311 08$a3631833253 330 $aThis is an extensive and thorough survey of the Venetian instrumental concerto of the Baroque era. It provides sufficient details to identify composers of lesser and greater stature, but also to pinpoint relationships, similarities and stylistic differences between various authors and localities. 410 0$aEastern European Studies in Musicology 606 $aIndividual composers & musicians, specific bands & groups$2bicssc 606 $aTheory of music & musicology$2bicssc 606 $aMusic: styles & genres$2bicssc 607 $aItaly$zVenice$2fast 608 $aCriticism, interpretation, etc.$2fast 610 $acomparative studies 610 $acomposer technique 610 $aConcerto 610 $ahistory of concerto 610 $aInstrumental 610 $amusic analysis 610 $asource studies 610 $astylistic studies 610 $aTime 610 $aVenetian 610 $aVivaldi?s 610 $aWilk 615 7$aIndividual composers & musicians, specific bands & groups 615 7$aTheory of music & musicology 615 7$aMusic: styles & genres 676 $a780 700 $aComber$b John$01256466 701 $aWilk$b Piotr$01256467 801 0$bMiAaPQ 801 1$bMiAaPQ 801 2$bMiAaPQ 906 $aBOOK 912 $a9910591169703321 996 $aThe Venetian Instrumental Concerto During Vivaldi's Time$92912416 997 $aUNINA